| 000 | 00978nam0a22002771 4500 | ||
|---|---|---|---|
| 001 | v19\rc\1871717 | ||
| 005 | 20260407024834.0 | ||
| 035 | _a(NLR Aleph) 004962827 | ||
| 090 |
_a6002173 _c6002173 |
||
| 100 | _a20080221d1910 u y0rusy50 ca | ||
| 101 | 0 | _arus | |
| 102 | _aRU | ||
| 105 | _ay b ||||| | ||
| 200 | 1 |
_aКаталог выставки "Детский труд" _eАпр. 1910 г. _fКиев. о-во нар. дет. садов |
|
| 210 |
_aКиев _d1910 |
||
| 215 |
_a24 с. _d23 |
||
| 532 | 1 | 3 | _aКаталог выставки Детский труд |
| 710 | 1 | 2 |
_a"Детский труд", выставка _eКиев _f1910 _9518672 _3RU\NLR\AUTH\8810010507 |
| 712 | 0 | 2 |
_aКиевское общество народных детских садов _9429896 _3RU\NLR\AUTH\889966764 |
| 801 | 0 |
_aRU _bNLR _gpsbo |
|
| 801 | 0 |
_aRU _bRuMoRGB _2psbo |
|
| 801 | 1 |
_aRU _bProSoft-M _2rusmarc |
|
| 852 |
_aNLR _j34.85.3.1004 |
||
| 899 | _aБАН | ||
| 942 | _cBOOK | ||
| 980 | _aNB | ||